| 000 | 00419nam a2200169Ia 4500 | ||
|---|---|---|---|
| 008 | 230524s9999 xx 000 0 und d | ||
| 082 |
_a658.43 _bSHA |
||
| 100 | _aKruti Shah | ||
| 245 | 0 | _aAdvertising & Promotions : An IMC Perspective | |
| 250 | _aIST | ||
| 260 |
_aNEW DELHI _bTMH _c2009 |
||
| 300 | _aXXX;977 | ||
| 500 | _aQuantity Number: 25 | ||
| 650 | _aManagement | ||
| 700 | _a Alan D'Souza | ||
| 942 | _cBK | ||
| 999 |
_c44218 _d44218 |
||